NFL: Top 3 Most Rushing Yards in Each Draft Round (2022) - Statistics

General Stats
  • This quiz has been taken 15 times
  • The average score is 7 of 24
Answer Stats
Round # Player Yards College % Correct
Second Round 63rd James Cook 3,039 Georgia
57%
First Round 20th Kenny Pickett 306 Pittsburgh
50%
Second Round 36th Breece Hall 2,571 Iowa State
43%
Seventh Round 262nd Brock Purdy 510 Iowa State
43%
First Round 12th Jameson Williams 130 Ohio State / Alabama
43%
Second Round 41st Kenneth Walker III 2,772 Wake Forest / Michigan State
43%
Fifth Round 164th Kyren Williams 2,885 Notre Dame
43%
Third Round 98th Brian Robinson Jr. 2,425 Alabama
36%
Third Round 74th Desmond Ridder 293 Cincinnati
36%
Seventh Round 251st Isiah Pacheco 2,202 Rutgers
36%
Undrafted N/A Jaylen Warren 1,806 Snow / Utah State / Oklahoma State
36%
Sixth Round 183rd Kevin Harris 117 South Carolina
36%
First Round 18th Treylon Burks 66 Arkansas
36%
Fourth Round 107th Dameon Pierce 1,653 Florida
29%
Third Round 91st Rachaad White 2,192 Nebraska-Kearney / Mt. San Antonio / Arizona State
29%
Fourth Round 122nd Zamir White 729 Georgia
29%
Fifth Round 151st Tyler Allgeier 2,517 BYU
21%
Fifth Round 156th Jerome Ford 1,428 Alabama / Cincinnati
7%
Fourth Round 127th Pierre Strong Jr. 499 South Dakota State
7%
Sixth Round 196th Tyler Badie 89 Missouri
7%
Undrafted N/A Bam Knight 313 NC State
0%
Seventh Round 229th Bo Melton 75 Rutgers
0%
Undrafted N/A Jordan Mason 1,524 Georgia Tech
0%
Sixth Round 201st Keaontay Ingram 134 Texas / USC
0%
No matching quizzes found
Score Distribution
Percent of People with Each Score
Percentile by Number Answered
Your Score History
You have not taken this quiz